00510ntaaa2200169 45000030003000000050017000030080021000200400037000410820017000781000023000952450065001182500010001832600038001933000011002315000062002426500036003040120251027201324.00714s1973 ag 01  aAR-BaBNbspacAR-BaBNeaacrdRIC a222.5000 Sn1 aSnaith, Norman H.  aNotes on the Hebrew text of I Kings XVII-XIX and XXI - XXII. a1 ed. aLondon : bEpworth Press, cc1954 a109 p. a"Apuntes sobre el texto hebreo de I Reyes 17-19 y 21-22." aBiblia-Antiguo Testamento-Reyes